000
00283nam a22001097a 4500
008
170118b xxu||||| |||| 00| 0 eng d
020
_a
9780803614734
041
_a
eng
080
_a
618.2
245
_a
PROCEDURE CHECKLISTS FOR FUNDAMENTALS OF NURSING
_c
WILKINSON, J.M
942
_2
udc
_c
BK
999
_c
3088
_d
3088